| 000 | 00837nam a22002417a 4500 | ||
|---|---|---|---|
| 005 | 20180711165815.0 | ||
| 010 | _a1718EN-30 ENG-118641 B-687463-488 | ||
| 020 |
_a9788125060123 _c210.00 |
||
| 035 | _aEN-102173 | ||
| 035 | _aB-687463-488 | ||
| 037 | _bUppal | ||
| 037 | _bDABD/PUB | ||
| 082 | _a921 | ||
| 100 | _aKurian, Anna | ||
| 245 |
_aShekespeare / _cby Anna Kurian |
||
| 260 |
_aHyderabad _bOrient BlackSwan _c2016 |
||
| 270 |
_a3-6-752 Himayatnagar _bHyderabad _e2500029 |
||
| 300 |
_a224p. _c21cm(pbk) |
||
| 490 | _aLiterary contexts ; edited by Pramod K. Nayar | ||
| 700 | _a Nayar, Pramod K. | ||
| 942 |
_2ddc _cEN _h921 _mKUR |
||
| 999 |
_c140983 _d140983 |
||